LEADER 01075nam a2200205 i 4500 001 000000159597 003 CaOOAMICUS 005 20110318000000.0 008 110318s1883 it u000 u lat u 013 $a136960 040 $aSeMil$bita 245 10$aOsservazioni del canonico Felice Cavagnis sulla religione dell'avvenire del conte Terenzio Mamiani :$bdissertazione letta il 13 aprile 1882 nella Pontificia accademia romana di religione cattolica. 260 $aRoma :$bTip. Monaldi e C.,$c1883. 300 $a35 p. ;$c20 cm. 700 1 $aCavagnis, Felice <1841-1906>.$0(OLS)http://semarc/name/2124 773 0 $t[Miscellanea.$w()24570 850 $aSeMil 852 $aSeMil$W1$xVenegono$y1$m5B I 26/18 FA$j111154$B111154$CSeMilBibl$Z2$F120762 $8I 996 $6245$aOsservazioni del canonico Felice Cavagnis sulla religione dell'avvenire del conte Terenzio Mamiani :$bdissertazione letta il 13 aprile 1882 nella Pontificia accademia romana di religione cattolica$9(OLS)http://semarc/title/141737 996 $6260$aRoma :$bTip. Monaldi e C.$9(OLS)http://semarc/publisher/33030 LEADER 01210nam a2200241 i 4500 001 000000209669 003 CaOOAMICUS 005 20111222000000.0 008 111222s1902 it u000 u ita u 013 $a188460 040 $aSeMil$bita 100 1 $aSanminiatelli Zabarelli, Carlo.$0(OLS)http://semarc/name/75113 245 13$aLo assedio di Malta 18 Maggio - 8 Settembre 1565 /$cConte Carlo Sanminiatelli Zabarelli Colonnello. 246 04$iTitolo in copertina:$aIllustrato da 14 zincotopie tratte da incisioni dell'epoca rappresentanti i varii fatti d'armi 260 $aTorino :$bTipografia salesiana,$c1902. 300 $a694 p., [29] p. di tav. :$bill. ;$c25 cm. 500 $aContiene : Appendice. 650 4$aMalta - Storia.$0(OLS)http://semarc/subject/17628 850 $aSeMil 852 $aSeMil$W1$xVenegono$y1$m3T IV 48$j160120$B160120$CSeMilBibl$Z2$F171151 $81 996 $6245$aLo assedio di Malta 18 Maggio - 8 Settembre 1565$9(OLS)http://semarc/title/303062 996 $6246$aIllustrato da 14 zincotopie tratte da incisioni dell'epoca rappresentanti i varii fatti d'armi$9(OLS)http://semarc/title/303063 996 $6260$aTorino :$bTipografia salesiana$9(OLS)http://semarc/publisher/37035